000 00293nam a2200121Ia 4500
008 190216s9999||||xx |||||||||||||| ||und||
100 _aSurendran K
245 0 _aThalam
260 _bThe Mathrubhumi Printing And Publishers
_c1985
300 _a388p
650 _aMalayalam Novel
942 _cBK
999 _c26193
_d26193